Women's empowerment mitigates the negative effects of low production diversity on maternal and child nutrition in Nepal (Record no. 109320)

000 -LEADER
fixed length control field 00594pab a2200181 454500
008 - FIXED-LENGTH DATA ELEMENTS--GENERAL INFORMATION
fixed length control field 180718b2015 xxu||||| |||| 00| 0 eng d
100 ## - MAIN ENTRY--PERSONAL NAME
Personal name Malapit, Hazel Jean L. et al
245 ## - TITLE STATEMENT
Title Women's empowerment mitigates the negative effects of low production diversity on maternal and child nutrition in Nepal
260 ## - PUBLICATION, DISTRIBUTION, ETC.
Date of publication, distribution, etc. 2015
300 ## - PHYSICAL DESCRIPTION
Extent p.1097-1123.
362 ## - DATES OF PUBLICATION AND/OR SEQUENTIAL DESIGNATION
Dates of publication and/or sequential designation Aug
650 ## - SUBJECT ADDED ENTRY--TOPICAL TERM
Topical term or geographic name entry element Agricultural production - Nepal
650 ## - SUBJECT ADDED ENTRY--TOPICAL TERM
Topical term or geographic name entry element Nutrition - Nepal
650 ## - SUBJECT ADDED ENTRY--TOPICAL TERM
Topical term or geographic name entry element Women in agriculture - Nepal
650 ## - SUBJECT ADDED ENTRY--TOPICAL TERM
Topical term or geographic name entry element Women in agriculture
773 ## - HOST ITEM ENTRY
Main entry heading Journal of Development Studies
909 ## -
-- 109325
Holdings
Withdrawn status Lost status Damaged status Not for loan Permanent Location Current Location Date acquired Serial Enumeration / chronology Barcode Date last seen Price effective from Koha item type
        Indian Institute of Public Administration Indian Institute of Public Administration 2018-07-19 Volume no: 51, Issue no: 8 AR109785 2018-07-19 2018-07-19 Articles

Powered by Koha